000 00278nam a2200097Ia 4500
008 171204s9999 xx 000 0 und d
245 _aResearch Methods in Psychology:
260 _c2014
650 _xRESEARCH IN PSYCHOLOGY
856 _uhttp://down.ebook777.com/036/0199005591.pdf
999 _c346563
_d346563